| 000 | 00443nam a2200145 4500 | ||
|---|---|---|---|
| 020 | _a978-607-526-062-4 | ||
| 050 | _aTA403 A834 2017 | ||
| 082 | _a620.112 A818C 2017 | ||
| 100 | _aAskeland, Donald R. | ||
| 245 | _aCiencia e ingenierÃa de materiales 7a. / 978-607-526-062-4 | ||
| 250 | _a7a. | ||
| 260 | _aMéxico : Cengage Learning | ||
| 300 | _a856p. / 27cm. | ||
| 650 | _a1.RESISTENCIA DE MATERIALES 2.CIENCIAS DE MATERIALES 3.MATERIALES | ||
| 999 |
_c28879 _d28879 |
||